000 00412nam a2200145Ia 4500
008 231129s2011||||xx |||||||||||||| ||spa||
020 _a978-958-8515-05-2
040 _bspa
082 _a344.01 C787g
100 _aCoral Ramos Alexander
245 0 _aGuí­a avanzada de Derecho Laboral y Seguridad Social
260 _c2011
264 _aActualicese.com
942 _2ddc
_cBKS
999 _c14711
_d14711